| 000 | 02550cam a2200421 4500 | ||
|---|---|---|---|
| 001 | 13961 | ||
| 003 | http://catalogue.bnf.fr/ark:/12148/cb48612612z | ||
| 005 | 20251204142241.0 | ||
| 010 |
_a9782846817806 _d17 EUR |
||
| 020 |
_aFR _b02557387 |
||
| 073 | 0 | _a9782846817806 | |
| 090 | _a13961 | ||
| 099 | _o0 | ||
| 100 | _a20251003d2025 m y0frey50 ba | ||
| 101 | 0 | _afre | |
| 102 | _aFR | ||
| 105 | _a||||z 00|a| | ||
| 181 | 0 |
_601 _ai _bxxxe |
|
| 181 |
_602 _ctxt _2rdacontent |
||
| 182 | 0 |
_601 _an |
|
| 182 |
_602 _cn _2rdamedia |
||
| 200 | 1 |
_aDoléances de Nanterre et d'ailleurs _bLIVR |
|
| 214 | 0 |
_cles Solitaires intempestifs _dDL 2025 |
|
| 214 | 3 | _cImpr. Présence graphique | |
| 214 | 0 | _aBesançon | |
| 214 | 3 | _a37-Monts | |
| 215 | _a1 vol. (185 p.) | ||
| 215 | _d20 cm | ||
| 300 | _aRéunit : "Et toi, tu y étais sur les ronds-points ?" / Penda Diouf. "La vie est à nous, malgré tout" / Claudine Galéa. "Nous porter" / Christophe Pellet. "Le jeu démocratique" / Constance de Saint Remy. "2937W60" / Noham Selcer | ||
| 305 | _aCréation : Nanterre (fr) : Théâtre des Amandiers, 202411 | ||
| 323 | _aindéfini | ||
| 330 | _aDébut 2019, confronté à la colère des Gilets jaunes, Emmanuel Macron appelait à un grand débat démocratique. Des dizaines de milliers de pages furent noircies dans près de 20 000 cahiers. Des demandes, des critiques, des propositions. Des mots écrits pour être lus. En vain. Les cahiers de doléances sont restés lettres mortes. Une fois numérisés, ils sont allés dormir dans les rayonnages des Archives départementales. Qui s en souvient aujourd hui ? Cinq ans plus tard, Christophe Rauck, le directeur du Théâtre Nanterre-Amandiers, propose à cinq autrices et auteurs d en tirer des textes de fiction pour que la littérature fasse Suvre de mémoire et que leurs écritures contemporaines fassent vivre les doléances, dans toute leur humanité, leur diversité et leur complexité. Cinq textes : Et toi tu y étais sur les ronds-points ? de Penda Diouf ; La vie est à nous de Claudine Galea ; Nous porter de Christophe Pellet ; Le Jeu démocratique de Constance de Saint Rémy ; 2937W60 de Noha | ||
| 610 |
_atémoignage _asociété _alutte _apouvoir |
||
| 620 | 2 |
_dNanterre _afr _eThéâtre des Amandiers _f202411 |
|
| 686 |
_a802 _2Cadre de classement de la Bibliographie nationale française |
||
| 801 | 0 |
_aFR _bFR-751131015 _c20251003 _gAFNOR _hFRBNF486126120000001 |
|
| 856 | 2 |
_u1130772 _bPremière de couverture |
|
| 856 | 2 |
_u1130773 _bQuatrième de couverture |
|